000 00395nam a22001457a 4500
999 _c12559
_d12559
008 210208b ||||| |||| 00| 0 eng d
082 0 0 _a623.854
_bB4711
100 _94703
_aBennett, A. J. S.
245 1 0 _aShip fire prevention
_cby A. J. S. Bennett
260 _aOxford
_bPergamon
_c1964
300 _axvii, 157p.
365 _d21.00
650 0 _aShips-- Fires and Fire Prevention
942 _cBK